000 nam a22 7a 4500
999 _c65037
_d65037
020 _a1856043800
041 _aeng
082 _aCB
_b001.64404 BRA
100 _aBradley, Phil.
245 _aThe Advanced internet searcher's handbook/
_cPhil Bradley.
250 _a2nd ed.
260 _aLondon:
_bLibrary Association Publishing,
_c2002
300 _axv,256p.illus;
_c26cm.
500 _aIncludes index
650 _aInternet resources
650 _aInternet--handbook
650 _aWeb (Information retrieval system)--handbook
650 _aWorld wide web pages--handbook
650 _aWorld wide web (Information retrieval system)--handbook
650 _aInternet (Computer network)--handbook
942 _cBK